000
003070000a22001450004500
003
MACL
040
_a
MACL
090
_c
33673
_d
33671
100
_a
Fox, Dan
245
_a
Pure Visual Basic
260
_b
BP B Publications
_c
1999
350
_a
135
650
_a
Computer probraming
942
_c
BOOK
_k
005/fox
999
_c
33322
_d
33322